000 00905pam a2200253 a 4500
999 _c6271
_d6271
001 3088484
003 OSt
005 20200125120010.0
008 980522s1999 njua b 001 0 eng
010 _a 98025787
020 _a9788178086019
040 _aDLC
_cDLC
_dDLC
050 0 0 _aT58.64
_b.W43 1999
082 0 0 _a658.4038
_221
_bWEB/I
100 1 _aWeber, Ron
_q(Ronald)
_91551
245 1 0 _aInformation systems control and audit /
_cRon Weber.
260 _aUpper Saddle River, NJ :
_bPrentice Hall,
_cc1999.
300 _axxiv, 1013, 14 p. :
_bill. ;
_c29 cm.
504 _aIncludes bibliographical references and index.
650 0 _aInformation resources management.
906 _a7
_bcbc
_corignew
_d1
_eocip
_f19
_gy-gencatlg
942 _2ddc
_cBK
_h658.4038
_iWEB/I
_k658.4038
_mWEB/I